000 00416nam a2200133Ia 4500
008 220217s9999 xx 000 0 und d
100 _aVijayakumari, P.R.
245 0 _aEconomic feasibility of betelvine as an intercrop in rubber smallholdings of Mavelikkara taluk
260 _bKerala Agricultural University
_a Thrissur
_c1993
300 _a72
500 _aCourse: PGDNRP
700 _aMr M Mathew
942 _cTS
999 _c74489
_d74489